000 00296nam a22001337a 4500
008 170614b xxu||||| |||| 00| 0 eng d
020 _a9780742515666
041 _aeng
080 _a328
100 _a19
101 _aSHP
245 _aGLOBAL MEDIA GOVERNANCE
_cSIOCHRU.S.O
942 _2udc
_cBK
999 _c17284
_d17284